00581nam a2200157 a 450000500170000000800410001702000180005805000180007610000200009424500870011426000390020130000230024065000310026399900190029495201100031320140412111250.0030411s19uu xx 00 eng d a1-56397-345-6 aTR(PS EbWh55 aTiziano, Sclavi aWhat's on the other side? /cScalvi Tiziano ; illustrations by Carlo A. Michelini. aPennsylvania :bBell Books,c1986. a1 v. (unp.) ; ill. aShapes--Study and teaching c103093d103093 00104050aELbELcTRd2003-04-11eDonationl0oTR(PS E Wh55pE3854r2014-04-12 00:00:00w2014-04-12yBK